[Event "Tournoi International du Pays de Charleroi 2018"]
[Site "Roux, Belgium"]
[Date "2018.08.03"]
[Round "8.3"]
[White "De Schampheleire, Glen"]
[Black "Kasparov, Sergey"]
[Result "1-0"]
[WhiteTitle "FM"]
[BlackTitle "GM"]
[WhiteElo "2347"]
[BlackElo "2449"]

1. d4 {[%clk 01:30:58]} {[%emt 00:00:02]} d5 {[%clk 01:30:54]} {[%emt
00:00:07]} 2. c4 {[%clk 01:31:06]} {[%emt 00:00:22]} c6 {[%clk 01:31:06]}
{[%emt 00:00:18]} 3. Nf3 {[%clk 01:31:30]} {[%emt 00:00:05]} Nf6 {[%clk
01:31:30]} {[%emt 00:00:06]} 4. Nc3 {[%clk 01:31:32]} {[%emt 00:00:28]} a6
{[%clk 01:31:31]} {[%emt 00:00:29]} 5. a4 {[%clk 01:31:38]} {[%emt 00:00:25]}
e6 {[%clk 01:30:43]} {[%emt 00:01:17]} 6. Bg5 {[%clk 01:31:32]} {[%emt
00:00:35]} Be7 {[%clk 01:30:47]} {[%emt 00:00:27]} 7. e3 {[%clk 01:30:06]}
{[%emt 00:01:56]} a5 {[%clk 01:30:38]} {[%emt 00:00:39]} 8. Be2 {[%clk
01:30:02]} {[%emt 00:00:34]} O-O {[%clk 01:30:17]} {[%emt 00:00:52]} 9. O-O
{[%clk 01:30:24]} {[%emt 00:00:08]} Na6 {[%clk 01:30:07]} {[%emt 00:00:39]} 10.
Qb3 {[%clk 01:29:22]} {[%emt 00:01:32]} Nb4 {[%clk 01:30:12]} {[%emt 00:00:25]}
11. Na2 {[%clk 01:28:18]} {[%emt 00:01:34]} Nxa2 {[%clk 01:30:21]} {[%emt
00:00:22]} 12. Qxa2 {[%clk 01:27:30]} {[%emt 00:01:18]} Nd7 {[%clk 01:30:18]}
{[%emt 00:00:32]} 13. Bxe7 {[%clk 01:26:47]} {[%emt 00:01:13]} Qxe7 {[%clk
01:30:28]} {[%emt 00:00:20]} 14. Rab1 {[%clk 01:15:37]} {[%emt 00:11:40]} dxc4
{[%clk 01:28:31]} {[%emt 00:02:27]} 15. Qxc4 {[%clk 01:09:00]} {[%emt
00:07:07]} e5 {[%clk 01:28:34]} {[%emt 00:00:26]} 16. b4 {[%clk 01:01:42]}
{[%emt 00:15:24]} exd4 {[%clk 01:27:41]} 17. Qxd4 {[%clk 01:00:02]} axb4 {[%clk
01:27:10]} 18. Qxb4 {[%clk 00:57:53]} Qxb4 {[%clk 01:27:01]} {[%emt 00:00:16]}
19. Rxb4 {[%clk 00:58:19]} {[%emt 00:00:04]} Nc5 {[%clk 01:23:04]} {[%emt
00:04:26]} 20. Ra1 {[%clk 00:58:25]} {[%emt 00:00:24]} Ra5 {[%clk 01:22:04]}
{[%emt 00:01:31]} 21. Nd4 {[%clk 00:47:44]} {[%emt 00:11:11]} Bd7 {[%clk
01:19:38]} {[%emt 00:02:55]} 22. Rab1 {[%clk 00:13:40]} {[%emt 00:34:34]} Rfa8
{[%clk 01:15:31]} {[%emt 00:04:36]} 23. Nb3 {[%clk 00:13:29]} {[%emt 00:00:42]}
Nxb3 {[%clk 01:15:18]} {[%emt 00:00:43]} 24. R1xb3 {[%clk 00:13:23]} {[%emt
00:00:36]} b5 {[%clk 01:12:00]} {[%emt 00:03:48]} 25. axb5 {[%clk 00:13:07]}
{[%emt 00:00:46]} c5 {[%clk 00:58:59]} {[%emt 00:13:30]} 26. Re4 {[%clk
00:10:22]} {[%emt 00:03:15]} Ra1+ {[%clk 00:59:08]} {[%emt 00:00:22]} 27. Bf1
{[%clk 00:10:49]} {[%emt 00:00:03]} Bf5 {[%clk 00:57:38]} {[%emt 00:01:59]} 28.
Rf4 {[%clk 00:01:40]} {[%emt 00:09:40]} Be6 {[%clk 00:57:28]} {[%emt 00:00:40]}
29. Rb2 {[%clk 00:00:52]} {[%emt 00:01:18]} Rc1 {[%clk 00:36:10]} {[%emt
00:21:47]} 30. h4 {[%clk 00:00:51]} {[%emt 00:00:32]} Raa1 {[%clk 00:35:44]}
{[%emt 00:00:56]} 31. b6 {[%clk 00:00:45]} {[%emt 00:00:37]} Rxf1+ {[%clk
00:35:56]} {[%emt 00:00:18]} 32. Kh2 {[%clk 00:01:14]} {[%emt 00:00:01]} Rab1
{[%clk 00:33:52]} {[%emt 00:02:34]} 33. Rfb4 {[%clk 00:01:36]} {[%emt
00:00:08]} Rxb2 {[%clk 00:22:07]} {[%emt 00:12:14]} 34. Rxb2 {[%clk 00:02:04]}
{[%emt 00:00:02]} Bc8 {[%clk 00:21:46]} {[%emt 00:00:51]} 35. Rd2 {[%clk
00:02:15]} {[%emt 00:00:19]} Kf8 {[%clk 00:21:54]} {[%emt 00:00:22]} 36. Rd8+
{[%clk 00:02:40]} {[%emt 00:00:05]} Ke7 {[%clk 00:22:20]} {[%emt 00:00:04]} 37.
Rxc8 {[%clk 00:03:07]} {[%emt 00:00:03]} Rb1 {[%clk 00:22:45]} {[%emt
00:00:04]} 38. Rxc5 {[%clk 00:02:48]} {[%emt 00:00:50]} Rxb6 {[%clk 00:23:02]}
{[%emt 00:00:13]} 39. g4 {[%clk 00:03:01]} {[%emt 00:00:16]} h6 {[%clk
00:22:17]} {[%emt 00:01:15]} 40. Kg3 {[%clk 00:02:26]} {[%emt 00:01:05]} g6
{[%clk 00:22:05]} {[%emt 00:00:42]} 41. h5 {[%clk 00:26:12]} {[%emt 00:06:44]}
g5 {[%clk 00:51:12]} {[%emt 00:01:23]} 42. Re5+ {[%clk 00:18:40]} {[%emt
00:08:02]} Kf6 {[%clk 00:51:12]} {[%emt 00:00:30]} 43. Rf5+ {[%clk 00:19:01]}
{[%emt 00:00:10]} Kg7 {[%clk 00:51:13]} {[%emt 00:00:29]} 44. Kf3 {[%clk
00:18:42]} {[%emt 00:00:49]} Rb4 {[%clk 00:49:45]} {[%emt 00:01:57]} 45. Rd5
{[%clk 00:19:04]} {[%emt 00:00:08]} Rb2 {[%clk 00:49:54]} {[%emt 00:00:22]} 46.
Rd6 {[%clk 00:18:09]} {[%emt 00:01:25]} Ra2 {[%clk 00:48:38]} {[%emt 00:01:46]}
47. Kg3 {[%clk 00:17:21]} {[%emt 00:01:19]} Ra3 {[%clk 00:48:42]} {[%emt
00:00:26]} 48. Kg2 {[%clk 00:17:39]} {[%emt 00:00:11]} Ra4 {[%clk 00:48:26]}
{[%emt 00:00:45]} 49. Rd4 {[%clk 00:17:57]} {[%emt 00:00:13]} Ra2 {[%clk
00:48:43]} {[%emt 00:00:12]} 50. Kf1 {[%clk 00:16:22]} {[%emt 00:02:05]} Rb2
{[%clk 00:48:54]} {[%emt 00:00:20]} 51. Ke1 {[%clk 00:16:17]} {[%emt 00:00:35]}
Ra2 {[%clk 00:49:06]} {[%emt 00:00:18]} 52. Rd2 {[%clk 00:16:32]} {[%emt
00:00:14]} Ra4 {[%clk 00:49:12]} {[%emt 00:00:24]} 53. Rd4 {[%clk 00:16:56]}
{[%emt 00:00:07]} Ra2 {[%clk 00:49:38]} {[%emt 00:00:04]} 54. Rd2 {[%clk
00:17:22]} {[%emt 00:00:04]} Ra4 {[%clk 00:50:06]} {[%emt 00:00:03]} 55. f3
{[%clk 00:17:45]} {[%emt 00:00:07]} Ra3 {[%clk 00:50:27]} {[%emt 00:00:08]} 56.
Ke2 {[%clk 00:18:08]} {[%emt 00:00:07]} Rb3 {[%clk 00:50:49]} {[%emt 00:00:09]}
57. Rc2 {[%clk 00:18:22]} {[%emt 00:00:15]} Ra3 {[%clk 00:51:17]} {[%emt
00:00:02]} 58. Kd2 {[%clk 00:18:41]} {[%emt 00:00:11]} Rb3 {[%clk 00:51:32]}
{[%emt 00:00:15]} 59. Rc3 {[%clk 00:19:02]} {[%emt 00:00:09]} Rb4 {[%clk
00:51:50]} {[%emt 00:00:12]} 60. Kd3 {[%clk 00:19:12]} {[%emt 00:00:19]} Ra4
{[%clk 00:52:14]} {[%emt 00:00:07]} 61. Rc4 {[%clk 00:19:00]} {[%emt 00:00:41]}
Ra3+ {[%clk 00:52:37]} {[%emt 00:00:07]} 62. Ke4 {[%clk 00:19:23]} {[%emt
00:00:07]} Ra5 {[%clk 00:52:58]} {[%emt 00:00:09]} 63. Rd4 {[%clk 00:19:33]}
{[%emt 00:00:20]} Ra3 {[%clk 00:53:05]} {[%emt 00:00:23]} 64. Rd5 {[%clk
00:09:08]} {[%emt 00:10:55]} Rb3 {[%clk 00:52:57]} {[%emt 00:00:38]} 65. f4
{[%clk 00:06:13]} {[%emt 00:03:24]} gxf4 {[%clk 00:53:07]} {[%emt 00:00:21]} 66.
exf4 {[%clk 00:06:37]} {[%emt 00:00:05]} Rb1 {[%clk 00:52:48]} {[%emt
00:00:49]} 67. Kf5 {[%clk 00:02:25]} {[%emt 00:04:42]} Rf1 {[%clk 00:52:36]}
{[%emt 00:00:42]} 68. Rd6 {[%clk 00:02:49]} {[%emt 00:00:06]} Rb1 {[%clk
00:52:52]} {[%emt 00:00:13]} 69. g5 {[%clk 00:02:12]} {[%emt 00:01:08]} Rb5+
{[%clk 00:52:30]} {[%emt 00:00:52]} 70. Kg4 {[%clk 00:02:35]} {[%emt 00:00:07]}
hxg5 {[%clk 00:52:40]} {[%emt 00:00:20]} 71. h6+ {[%clk 00:02:46]} {[%emt
00:00:19]} Kh7 {[%clk 00:52:56]} {[%emt 00:00:13]} 72. f5 {[%clk 00:02:53]}
{[%emt 00:00:24]} Rb1 {[%clk 00:51:41]} {[%emt 00:01:45]} 73. Kxg5 {[%clk
00:03:17]} {[%emt 00:00:06]} Rg1+ {[%clk 00:51:52]} {[%emt 00:00:18]} 74. Kf6
{[%clk 00:03:39]} {[%emt 00:00:08]} Kxh6 {[%clk 00:48:01]} {[%emt 00:04:22]} 75.
Kxf7 {[%clk 00:01:27]} {[%emt 00:02:42]} Kh7 {[%clk 00:48:14]} {[%emt
00:00:16]} 76. Rd7 {[%clk 00:01:11]} {[%emt 00:00:46]} Ra1 {[%clk 00:47:25]}
{[%emt 00:01:20]} 77. f6 {[%clk 00:00:59]} {[%emt 00:00:42]} Ra2 {[%clk
00:45:26]} {[%emt 00:02:29]} 78. Re7 {[%clk 00:01:04]} {[%emt 00:00:25]} Ra6
{[%clk 00:42:47]} {[%emt 00:03:08]} 79. Kf8 {[%clk 00:00:59]} {[%emt 00:00:35]}
Kh8 {[%clk 00:42:46]} {[%emt 00:00:31]} 80. f7 {[%clk 00:00:52]} {[%emt
00:00:38]} Kh7 {[%clk 00:40:05]} {[%emt 00:03:10]} 81. Re2 {[%clk 00:01:09]}
{[%emt 00:00:13]} Ra8+ {[%clk 00:37:57]} {[%emt 00:02:38]} 82. Ke7 {[%clk
00:01:35]} {[%emt 00:00:04]} Ra7+ {[%clk 00:38:09]} {[%emt 00:00:18]} 83. Kf6
{[%clk 00:02:00]} {[%emt 00:00:04]} Ra6+ {[%clk 00:38:26]} {[%emt 00:00:13]} 84.
Re6 {[%clk 00:02:26]} {[%emt 00:00:04]} 1-0

[Event "Tournoi International du Pays de Charleroi 2018"]
[Site "Roux, Belgium"]
[Date "2018.08.03"]
[Round "8.30"]
[White "Geuquet, Michaël"]
[Black "Van Uytven, Eric"]
[Result "1-0"]
[WhiteElo "1912"]
[BlackElo "2046"]

1. e4 {[%clk 01:30:57]} {[%emt 00:00:02]} c5 {[%clk 01:30:23]} {[%emt
00:00:36]} 2. Nf3 {[%clk 01:31:23]} {[%emt 00:00:06]} e6 {[%clk 01:30:34]}
{[%emt 00:00:19]} 3. d4 {[%clk 01:31:47]} {[%emt 00:00:06]} cxd4 {[%clk
01:30:54]} {[%emt 00:00:09]} 4. Nxd4 {[%clk 01:32:14]} {[%emt 00:00:04]} Nc6
{[%clk 01:30:49]} {[%emt 00:00:35]} 5. Nc3 {[%clk 01:32:14]} {[%emt 00:00:30]}
Qc7 {[%clk 01:30:43]} {[%emt 00:00:36]} 6. g3 {[%clk 01:32:39]} {[%emt
00:00:06]} a6 {[%clk 01:30:46]} {[%emt 00:00:26]} 7. Bg2 {[%clk 01:33:04]}
{[%emt 00:00:05]} d6 {[%clk 01:24:53]} {[%emt 00:06:23]} 8. O-O {[%clk
01:32:38]} {[%emt 00:00:55]} Bd7 {[%clk 01:24:55]} {[%emt 00:00:27]} 9. Be3
{[%clk 01:30:30]} {[%emt 00:02:39]} Nf6 {[%clk 01:19:00]} {[%emt 00:06:24]} 10.
Qe2 {[%clk 01:20:01]} {[%emt 00:11:01]} Be7 {[%clk 01:15:12]} {[%emt 00:04:16]}
11. Rad1 {[%clk 01:18:01]} {[%emt 00:02:31]} Rc8 {[%clk 01:08:27]} {[%emt
00:16:59]} 12. Nxc6 Bxc6 {[%clk 01:08:12]} 13. f4 {[%clk 01:14:44]} O-O {[%clk
01:06:43]} 14. h3 {[%clk 01:09:48]} {[%emt 00:02:44]} b5 {[%clk 00:50:20]}
{[%emt 00:16:52]} 15. a3 {[%clk 01:08:26]} {[%emt 00:01:54]} Qb7 {[%clk
00:33:05]} {[%emt 00:17:43]} 16. Bc1 {[%clk 01:06:52]} {[%emt 00:02:04]} a5
{[%clk 00:14:02]} {[%emt 00:19:34]} 17. e5 {[%clk 00:48:07]} {[%emt 00:19:15]}
Bxg2 {[%clk 00:14:02]} {[%emt 00:00:30]} 18. Qxg2 {[%clk 00:48:32]} {[%emt
00:00:04]} Qxg2+ {[%clk 00:14:21]} {[%emt 00:00:11]} 19. Kxg2 {[%clk 00:48:59]}
{[%emt 00:00:04]} dxe5 {[%clk 00:14:41]} {[%emt 00:00:09]} 20. fxe5 {[%clk
00:47:03]} {[%emt 00:02:26]} Nd5 {[%clk 00:10:37]} {[%emt 00:04:33]} 21. Nxd5
{[%clk 00:47:03]} {[%emt 00:00:32]} exd5 {[%clk 00:10:32]} {[%emt 00:00:34]} 22.
c3 {[%clk 00:39:56]} {[%emt 00:07:37]} Rfd8 {[%clk 00:09:59]} {[%emt 00:01:02]}
23. Rd3 {[%clk 00:37:23]} {[%emt 00:03:03]} Rd7 {[%clk 00:10:03]} {[%emt
00:00:25]} 24. Rfd1 {[%clk 00:37:04]} {[%emt 00:00:52]} Kf8 {[%clk 00:06:33]}
{[%emt 00:04:00]} 25. Rxd5 {[%clk 00:34:49]} {[%emt 00:02:45]} Rxd5 {[%clk
00:06:55]} {[%emt 00:00:08]} 26. Rxd5 {[%clk 00:35:16]} {[%emt 00:00:03]} Rc5
{[%clk 00:07:02]} {[%emt 00:00:23]} 27. Rxc5 {[%clk 00:35:14]} {[%emt
00:00:32]} Bxc5 {[%clk 00:07:46]} {[%emt 00:03:06]} 28. Kf3 {[%clk 00:32:16]}
{[%emt 00:00:36]} Ke8 29. Be3 {[%emt 00:01:03]} Be7 {[%clk 00:07:43]} {[%emt
00:00:01]} 30. Ke4 {[%clk 00:32:31]} {[%emt 00:00:16]} Kd7 {[%clk 00:08:04]}
{[%emt 00:00:08]} 31. Kd5 {[%clk 00:32:25]} {[%emt 00:00:36]} h5 {[%clk
00:07:19]} {[%emt 00:01:14]} 32. h4 {[%clk 00:23:16]} {[%emt 00:09:40]} b4
{[%clk 00:01:43]} {[%emt 00:06:06]} 33. axb4 {[%clk 00:23:37]} {[%emt
00:00:10]} axb4 {[%clk 00:02:09]} {[%emt 00:00:04]} 34. c4 {[%clk 00:23:32]}
{[%emt 00:00:34]} b3 {[%clk 00:02:11]} {[%emt 00:00:28]} 35. c5 {[%clk
00:20:40]} {[%emt 00:03:23]} Bd8 {[%clk 00:02:27]} {[%emt 00:00:13]} 36. Kc4
{[%clk 00:20:54]} {[%emt 00:00:16]} Kc6 {[%clk 00:01:10]} {[%emt 00:01:47]} 37.
Kxb3 {[%clk 00:21:14]} {[%emt 00:00:10]} Kd5 {[%clk 00:01:25]} {[%emt
00:00:16]} 38. Kb4 {[%clk 00:20:51]} {[%emt 00:00:52]} 1-0

[Event "Tournoi International du Pays de Charleroi 2018"]
[Site "Roux, Belgium"]
[Date "2018.08.03"]
[Round "8.4"]
[White "Cruz Lledo, Pablo"]
[Black "Sclacmender, Julien"]
[Result "1/2-1/2"]
[WhiteTitle "IM"]
[WhiteElo "2443"]
[BlackElo "2245"]

1. d4 {[%clk 01:30:57]} {[%emt 00:00:01]} Nf6 {[%clk 01:30:22]} {[%emt
00:00:39]} 2. Nf3 {[%clk 01:31:15]} {[%emt 00:00:12]} g6 {[%clk 01:29:55]}
{[%emt 00:00:57]} 3. e3 {[%clk 01:31:32]} {[%emt 00:00:13]} Bg7 {[%clk
01:30:15]} {[%emt 00:00:10]} 4. Be2 {[%clk 01:31:00]} {[%emt 00:01:02]} c5
{[%clk 01:30:35]} {[%emt 00:00:10]} 5. O-O {[%clk 01:30:58]} {[%emt 00:00:31]}
b6 {[%clk 01:30:37]} {[%emt 00:00:30]} 6. c4 {[%clk 01:30:57]} {[%emt
00:00:31]} cxd4 {[%clk 01:29:34]} {[%emt 00:01:33]} 7. exd4 {[%clk 01:30:27]}
{[%emt 00:01:00]} O-O {[%clk 01:28:51]} {[%emt 00:01:12]} 8. Nc3 {[%clk
01:27:38]} {[%emt 00:03:19]} d5 {[%clk 01:28:35]} {[%emt 00:00:47]} 9. Ne5
{[%clk 01:27:55]} {[%emt 00:00:12]} Bb7 {[%clk 01:25:54]} {[%emt 00:03:11]} 10.
Bf3 {[%clk 01:27:57]} {[%emt 00:00:28]} h6 {[%clk 01:22:55]} {[%emt 00:03:29]}
11. Bf4 {[%clk 01:09:58]} {[%emt 00:18:29]} e6 {[%clk 01:16:08]} {[%emt
00:14:10]} 12. Qa4 {[%clk 01:07:33]} a6 {[%clk 01:00:47]} {[%emt 00:11:54]} 13.
Rfd1 {[%clk 01:06:01]} {[%emt 00:02:00]} Ra7 {[%clk 01:00:49]} {[%emt
00:00:29]} 14. c5 {[%clk 01:01:39]} {[%emt 00:04:53]} bxc5 {[%clk 00:56:14]}
{[%emt 00:05:04]} 15. dxc5 {[%clk 01:01:24]} {[%emt 00:00:45]} Nfd7 {[%clk
00:53:31]} {[%emt 00:03:13]} 16. Nxd7 {[%clk 01:01:02]} {[%emt 00:00:53]} Bc6
{[%clk 00:47:05]} {[%emt 00:06:56]} 17. Qc2 {[%clk 00:42:17]} {[%emt 00:19:14]}
Nxd7 {[%clk 00:43:55]} {[%emt 00:03:40]} 18. Bd6 {[%clk 00:42:35]} {[%emt
00:00:11]} Re8 {[%clk 00:44:08]} {[%emt 00:00:18]} 19. b4 {[%clk 00:42:52]}
{[%emt 00:00:14]} Ne5 {[%clk 00:42:15]} {[%emt 00:02:22]} 20. Be2 {[%clk
00:36:49]} {[%emt 00:06:33]} Qh4 {[%clk 00:40:52]} {[%emt 00:01:53]} 21. b5
{[%clk 00:33:31]} {[%emt 00:03:48]} axb5 {[%clk 00:36:39]} {[%emt 00:04:43]} 22.
Nxb5 {[%clk 00:32:13]} {[%emt 00:01:48]} Ra5 {[%clk 00:29:02]} {[%emt
00:08:08]} 23. a4 {[%clk 00:31:55]} {[%emt 00:00:48]} Rea8 {[%clk 00:28:43]}
{[%emt 00:00:48]} 24. Nc7 {[%clk 00:06:04]} {[%emt 00:26:20]} Bxa4 {[%clk
00:13:59]} {[%emt 00:15:14]} 25. Rxa4 {[%clk 00:06:23]} {[%emt 00:00:12]} Qxa4
{[%clk 00:14:16]} {[%emt 00:00:13]} 26. Qxa4 {[%clk 00:06:45]} {[%emt
00:00:08]} Rxa4 {[%clk 00:14:43]} {[%emt 00:00:03]} 27. Nxa8 {[%clk 00:07:07]}
{[%emt 00:00:07]} Rxa8 {[%clk 00:15:10]} {[%emt 00:00:04]} 28. Rb1 {[%clk
00:06:09]} {[%emt 00:01:28]} Nc6 {[%clk 00:09:12]} {[%emt 00:06:28]} 29. Bb5
{[%clk 00:06:16]} {[%emt 00:00:24]} Nd4 {[%clk 00:07:57]} {[%emt 00:01:45]} 30.
Bd7 {[%clk 00:05:08]} {[%emt 00:01:37]} Bf8 {[%clk 00:04:21]} {[%emt 00:04:06]}
31. Bxf8 {[%clk 00:05:21]} {[%emt 00:00:16]} Kxf8 {[%clk 00:04:47]} {[%emt
00:00:04]} 32. h4 {[%clk 00:05:37]} {[%emt 00:00:15]} Ke7 {[%clk 00:02:27]}
{[%emt 00:02:51]} 33. Rb7 {[%clk 00:06:02]} {[%emt 00:00:04]} Kd8 {[%clk
00:01:38]} {[%emt 00:01:19]} 34. Kh2 {[%clk 00:06:22]} {[%emt 00:00:09]} Ra6
{[%clk 00:01:28]} {[%emt 00:00:41]} 35. Kg3 {[%clk 00:05:55]} {[%emt 00:00:56]}
Ra3+ {[%clk 00:00:31]} {[%emt 00:01:28]} 36. Kf4 {[%clk 00:05:10]} {[%emt
00:01:14]} f6 {[%clk 00:00:53]} {[%emt 00:00:09]} 37. f3 {[%clk 00:05:04]}
{[%emt 00:00:36]} Rc3 {[%clk 00:00:39]} {[%emt 00:00:44]} 38. c6 {[%clk
00:04:59]} {[%emt 00:00:35]} e5+ {[%clk 00:00:46]} {[%emt 00:00:23]} 39. Kg3
{[%clk 00:05:25]} {[%emt 00:00:03]} Nxc6 {[%clk 00:00:57]} {[%emt 00:00:20]} 40.
Be6 {[%clk 00:05:51]} {[%emt 00:00:04]} Ne7 {[%clk 00:00:35]} {[%emt 00:00:52]}
41. h5 {[%clk 00:04:41]} {[%emt 00:01:39]} g5 {[%clk 00:22:41]} {[%emt
00:08:25]} 42. Rd7+ {[%clk 00:34:26]} {[%emt 00:00:45]} Ke8 {[%clk 00:22:52]}
{[%emt 00:00:19]} 43. Rb7 {[%clk 00:34:49]} {[%emt 00:00:06]} Kd8 {[%clk
00:14:11]} {[%emt 00:09:12]} 44. Rd7+ {[%clk 00:34:47]} {[%emt 00:00:32]} Ke8
{[%clk 00:14:33]} {[%emt 00:00:07]} 45. Rb7 {[%clk 00:35:15]} {[%emt 00:00:03]}
Kd8 {[%clk 00:11:22]} {[%emt 00:03:41]} 46. Rd7+ {[%clk 00:35:18]} {[%emt
00:00:27]} Ke8 {[%clk 00:11:47]} {[%emt 00:00:05]} 1/2-1/2

[Event "Tournoi International du Pays de Charleroi 2018"]
[Site "Roux, Belgium"]
[Date "2018.08.03"]
[Round "8.20"]
[White "Van Mechelen, Jan"]
[Black "Russian, Carlo"]
[Result "1-0"]
[WhiteTitle "FM"]
[WhiteElo "2217"]
[BlackElo "1992"]

1. Nf3 {[%clk 01:30:53]} {[%emt 00:00:06]} d5 {[%clk 01:30:56]} {[%emt
00:00:04]} 2. g3 {[%clk 01:31:14]} {[%emt 00:00:08]} Nf6 {[%clk 01:31:20]}
{[%emt 00:00:07]} 3. Bg2 {[%clk 01:31:38]} {[%emt 00:00:06]} Bf5 {[%clk
01:30:40]} {[%emt 00:01:11]} 4. O-O {[%clk 01:31:50]} {[%emt 00:00:17]} e6
{[%clk 01:31:00]} {[%emt 00:00:11]} 5. d3 {[%clk 01:32:12]} {[%emt 00:00:07]}
Be7 {[%clk 01:31:25]} {[%emt 00:00:05]} 6. c4 {[%clk 01:32:11]} {[%emt
00:00:31]} c6 {[%clk 01:30:03]} {[%emt 00:01:52]} 7. Be3 {[%clk 01:32:08]}
{[%emt 00:00:33]} Nbd7 {[%clk 01:17:23]} {[%emt 00:13:10]} 8. Qb3 {[%clk
01:31:12]} {[%emt 00:01:25]} dxc4 {[%clk 01:17:33]} {[%emt 00:00:21]} 9. Qxc4
{[%clk 01:24:40]} {[%emt 00:07:01]} O-O {[%clk 01:16:25]} {[%emt 00:01:39]} 10.
Qb3 {[%clk 01:23:18]} {[%emt 00:01:51]} Qc7 {[%clk 01:16:44]} {[%emt 00:00:13]}
11. Nd4 {[%clk 01:16:29]} {[%emt 00:07:17]} Bg4 {[%clk 01:11:10]} {[%emt
00:14:36]} 12. h3 {[%clk 01:16:14]} e5 {[%clk 01:10:43]} 13. hxg4 {[%clk
01:15:30]} exd4 {[%clk 01:11:10]} 14. Bxd4 {[%clk 01:15:31]} Nxg4 {[%clk
01:11:15]} 15. Nd2 {[%clk 01:11:05]} {[%emt 00:02:12]} Qd6 {[%clk 01:05:06]}
{[%emt 00:04:46]} 16. Nf3 {[%clk 01:09:54]} {[%emt 00:01:40]} c5 {[%clk
01:04:17]} {[%emt 00:01:19]} 17. Bc3 {[%clk 01:09:29]} {[%emt 00:00:55]} b6
{[%clk 01:04:03]} {[%emt 00:00:44]} 18. Qc4 {[%clk 01:09:22]} {[%emt 00:00:37]}
Qg6 {[%clk 00:58:39]} {[%emt 00:05:54]} 19. Bh3 {[%clk 01:03:18]} {[%emt
00:06:34]} h5 {[%clk 00:52:02]} {[%emt 00:07:07]} 20. a4 {[%clk 00:42:25]}
{[%emt 00:21:22]} Bd6 {[%clk 00:44:22]} {[%emt 00:08:11]} 21. Nh4 {[%clk
00:42:29]} {[%emt 00:00:26]} Qg5 {[%clk 00:42:54]} {[%emt 00:01:58]} 22. f4
{[%clk 00:42:48]} {[%emt 00:00:10]} Qd8 {[%clk 00:42:11]} {[%emt 00:01:14]} 23.
Bxg4 {[%clk 00:42:12]} {[%emt 00:01:05]} hxg4 {[%clk 00:42:36]} {[%emt
00:00:06]} 24. Bxg7 {[%clk 00:39:01]} {[%emt 00:03:41]} Be7 {[%clk 00:41:01]}
{[%emt 00:02:06]} 25. Nf5 {[%clk 00:38:45]} {[%emt 00:00:44]} Re8 {[%clk
00:41:02]} {[%emt 00:00:30]} 26. Rf2 {[%clk 00:38:16]} {[%emt 00:00:59]} Bf6
{[%clk 00:39:28]} {[%emt 00:02:04]} 27. Nh6+ {[%clk 00:37:02]} {[%emt
00:01:43]} 1-0

[Event "Tournoi International du Pays de Charleroi 2018"]
[Site "Roux, Belgium"]
[Date "2018.08.03"]
[Round "8.27"]
[White "Nair, Sanjeev"]
[Black "Kasparova, Tatiana"]
[Result "0-1"]
[BlackTitle "WFM"]
[WhiteElo "1942"]
[BlackElo "2090"]

1. e4 {[%clk 01:27:56]} {[%emt 00:03:03]} c6 {[%clk 01:30:55]} {[%emt
00:00:05]} 2. d4 {[%clk 01:28:17]} {[%emt 00:00:10]} d5 {[%clk 01:31:21]}
{[%emt 00:00:04]} 3. e5 {[%clk 01:28:41]} {[%emt 00:00:06]} Bf5 {[%clk
01:31:43]} {[%emt 00:00:08]} 4. Nf3 {[%clk 01:29:06]} {[%emt 00:00:05]} e6
{[%clk 01:31:47]} {[%emt 00:00:27]} 5. Nbd2 {[%clk 01:29:31]} {[%emt 00:00:04]}
Nd7 {[%clk 01:30:12]} {[%emt 00:02:05]} 6. Nb3 {[%clk 01:29:31]} {[%emt
00:00:31]} Ne7 {[%clk 01:28:38]} {[%emt 00:02:03]} 7. a4 {[%clk 01:29:47]}
{[%emt 00:00:15]} Qc7 {[%clk 01:27:58]} {[%emt 00:01:09]} 8. Be3 {[%clk
01:23:40]} {[%emt 00:06:37]} c5 {[%clk 01:18:09]} {[%emt 00:10:19]} 9. dxc5
{[%clk 01:10:57]} {[%emt 00:13:13]} Nc6 {[%clk 01:18:23]} {[%emt 00:00:16]} 10.
Nfd4 {[%clk 01:09:30]} {[%emt 00:01:57]} Nxd4 {[%clk 01:18:22]} 11. Nxd4 {[%clk
01:07:24]} {[%emt 00:10:09]} Bg6 {[%clk 01:13:44]} 12. b4 {[%clk 00:50:58]}
{[%emt 00:15:02]} Qxe5 {[%clk 01:12:50]} {[%emt 00:01:24]} 13. Bb5 {[%clk
00:47:51]} {[%emt 00:03:37]} Qc7 {[%clk 01:12:00]} {[%emt 00:01:20]} 14. O-O
{[%clk 00:46:49]} {[%emt 00:01:32]} Be7 {[%clk 01:10:46]} {[%emt 00:01:44]} 15.
Qg4 {[%clk 00:27:19]} {[%emt 00:19:59]} a6 {[%clk 01:05:30]} {[%emt 00:05:47]}
16. Bf4 {[%emt 00:01:26]} Qc8 {[%clk 01:01:34]} {[%emt 00:04:23]} 17. c6 {[%clk
00:18:01]} {[%emt 00:08:54]} axb5 {[%clk 00:59:28]} {[%emt 00:02:37]} 18. cxd7+
{[%clk 00:16:11]} {[%emt 00:02:20]} Qxd7 {[%clk 00:59:56]} {[%emt 00:00:02]} 19.
Nxb5 {[%clk 00:16:31]} {[%emt 00:00:10]} O-O {[%clk 00:59:22]} {[%emt
00:01:04]} 20. c4 {[%clk 00:03:48]} {[%emt 00:13:13]} dxc4 {[%clk 00:55:46]}
{[%emt 00:04:06]} 21. Rfd1 {[%clk 00:03:44]} {[%emt 00:00:33]} Bd3 {[%clk
00:55:16]} {[%emt 00:01:00]} 22. Be5 {[%clk 00:03:32]} {[%emt 00:00:42]} f6
{[%clk 00:55:01]} {[%emt 00:00:46]} 23. Qxc4 {[%clk 00:03:44]} {[%emt
00:00:18]} Bxc4 {[%clk 00:54:42]} {[%emt 00:00:50]} 24. Rxd7 {[%clk 00:04:03]}
{[%emt 00:00:10]} Bxb5 {[%clk 00:51:27]} {[%emt 00:03:45]} 25. Rxe7 {[%clk
00:01:37]} {[%emt 00:02:56]} fxe5 {[%clk 00:51:52]} {[%emt 00:00:05]} 26. Rxb7
{[%clk 00:00:51]} {[%emt 00:01:16]} Bxa4 {[%clk 00:51:52]} {[%emt 00:00:30]} 27.
Re1 {[%clk 00:00:40]} {[%emt 00:00:40]} Bb3 {[%clk 00:52:00]} {[%emt 00:00:22]}
28. f3 {[%clk 00:00:50]} {[%emt 00:00:20]} Rab8 {[%clk 00:50:54]} {[%emt
00:01:36]} 29. Ra7 {[%clk 00:00:42]} {[%emt 00:00:38]} Rxb4 {[%clk 00:51:12]}
{[%emt 00:00:12]} 30. Rxe5 {[%clk 00:01:07]} {[%emt 00:00:06]} Bd5 {[%clk
00:51:14]} {[%emt 00:00:27]} 31. Re3 {[%clk 00:00:33]} {[%emt 00:01:04]} Rc8
{[%clk 00:51:04]} {[%emt 00:00:40]} 0-1